[Event "Gallego-ch U18"]
[Site "Viveiro"]
[Date "2016.02.08"]
[Round "6"]
[White "Victorero Dominguez, Alejandro"]
[Black "Santiago Garcia, Victor"]
[Result "0-1"]
[WhiteElo "1619"]
[BlackElo "1568"]
[PlyCount "102"]
[EventDate "2016.02.06"]
[EventType "swiss"]
[EventRounds "8"]
[EventCountry "ESP"]
[SourceTitle "EXT 2024"]
[Source "ChessBase"]
[SourceDate "2023.10.10"]
[SourceVersion "1"]
[SourceVersionDate "2023.10.10"]
[SourceQuality "1"]

1. d4 d5 2. c4 e6 3. Nc3 Nf6 4. Nf3 Be7 5. Bf4 a6 6. e3 0-0 7. Bd3 dxc4 8. Bxc4 b5 9. Be2 Bb7 10. 0-0 Nbd7 11. a3 c5 12. dxc5 Nxc5 13. b4 Nfe4 14. Nxe4 Nxe4 15. Qb3 Bd5 16. Qb2 Rc8 17. Rac1 Qb6 18. Rc2 Qb7 19. Rfc1 Rxc2 20. Qxc2 a5 21. Nd4 axb4 22. f3 Nc3 23. axb4 Nxe2+ 24. Qxe2 Bc4 25. Qb2 Bf6 26. Qf2 e5 27. Nf5 exf4 28. Nd6 Qb6 29. Nxc4 bxc4 30. Rxc4 Qxe3 31. b5 Qxf2+ 32. Kxf2 g5 33. Rc6 Bd4+ 34. Ke2 Rb8 35. Kd3 Bg1 36. Kc4 Bxh2 37. b6 Bg1 38. Kb5 Rxb6+ 39. Rxb6 Bxb6 40. Kxb6 f5 41. Kc5 Kf7 42. Kd4 Ke6 43. Kd3 Kd5 44. Ke2 Kd4 45. Kd2 h5 46. Ke2 Kc3 47. Kf2 Kd3 48. Kg1 Ke3 49. Kh2 g4 50. fxg4 hxg4 51. Kg1 Ke2 0-1

[Event "Gallego-ch U18"]
[Site "Viveiro"]
[Date "2016.02.07"]
[Round "4"]
[White "Santos Garcia, Mario"]
[Black "Santiago Garcia, Victor"]
[Result "0-1"]
[WhiteElo "1299"]
[BlackElo "1568"]
[PlyCount "77"]
[EventDate "2016.02.06"]
[EventType "swiss"]
[EventRounds "8"]
[EventCountry "ESP"]
[SourceTitle "EXT 2024"]
[Source "ChessBase"]
[SourceDate "2023.10.10"]
[SourceVersion "1"]
[SourceVersionDate "2023.10.10"]
[SourceQuality "1"]

1. d4 d5 2. Nf3 Nf6 3. c3 e6 4. Bg5 Be7 5. Nbd2 Nbd7 6. Qc2 c5 7. e3 a6 8. a4 b6 9. e4 dxe4 10. Nxe4 Bb7 11. Bxf6 Bxe4 12. Qxe4 Bxf6 13. dxc5 Nxc5 14. Qc6+ Ke7 15. Rd1 Qb8 16. Nd4 Bxd4 17. Rxd4 Rc8 18. Qf3 Qe5+ 19. Qe2 Qxe2+ 20. Bxe2 Rd8 21. Rxd8 Rxd8 22. 0-0 Rd2 23. Bc4 Rxb2 24. Rc1 Ne4 25. Bxa6 b5 26. c4 bxc4 27. Bxc4 Nc5 28. g3 Ne4 29. f3 Ng5 30. f4 Nf3+ 31. Kf1 Nxh2+ 32. Ke1 Nf3+ 33. Kf1 Nd4 34. Bd3 Kf6 35. g4 g6 36. Rd1 Nc2 37. g5+ Kg7 38. Rc1 Ne3+ 39. Kg1 0-1